[Event "Verbandsliga Nordbaden 1516"]
[Site "Baden"]
[Date "2016.04.17"]
[Round "9.7"]
[White "Trunk, Mika"]
[Black "Leibbrand, Udo Manfred"]
[Result "0-1"]
[WhiteElo "1593"]
[BlackElo "2116"]
[PlyCount "102"]
[EventDate "2015.09.27"]
[EventType "team-tourn"]
[EventRounds "9"]
[EventCountry "GER"]
[SourceTitle "EXT 2022"]
[Source "ChessBase"]
[SourceDate "2021.10.06"]
[SourceVersion "1"]
[SourceVersionDate "2021.10.06"]
[SourceQuality "1"]
[WhiteTeam "Buchen II"]
[BlackTeam "Pforzheim"]
[WhiteTeamCountry "GER"]
[BlackTeamCountry "GER"]

1. d4 Nf6 2. Bf4 e6 3. c3 b6 4. Nf3 Bb7 5. Nbd2 Be7 6. h3 0-0 7. e3 c5 8. Rc1 d6 9. Be2 Nbd7 10. 0-0 Qc7 11. Nc4 Rfd8 12. a4 Nf8 13. Qe1 Ng6 14. Bh2 Bc6 15. Bd1 b5 16. axb5 Bxb5 17. Be2 Rab8 18. Rc2 Ba4 19. Rc1 Rdc8 20. Bd3 Nd7 21. e4 Nb6 22. Nfd2 e5 23. d5 Bd7 24. Qe2 Bg5 25. Rc2 Nxc4 26. Nxc4 Ba4 27. Ra1 Bxc2 28. Qxc2 Nf8 29. Be2 Rd8 30. Na5 Rb6 31. Nc6 Ra8 32. Qa4 Rxb2 33. Bb5 Qb6 34. c4 a6 35. Bg3 h5 36. h4 Bf6 37. f4 exf4 38. Bxf4 Ng6 39. Bxd6 Bd4+ 40. Kf1 Rf2+ 41. Ke1 Rxg2 42. Ra2 Rg1+ 43. Ke2 Re8 44. Nxd4 axb5 45. Nxb5 Qd8 46. Kf2 Rg4 47. Bxc5 Qxh4+ 48. Kf1 Rgxe4 49. Nd6 Re1+ 50. Kg2 Qg4+ 51. Kf2 R8e2+ 0-1